| 000 | 00000nam 2200000zi 4500 |
| 001 | 9.911575 |
| 003 | CaOODSP |
| 005 | 20250520122444 |
| 006 | m o d f |
| 007 | cr mn||||||||| |
| 008 | 220525t20222022onca obi f000 0 fre d |
| 020 | |a9780660436906 |
| 040 | |aCaOODSP|bfre|erda|cCaOODSP |
| 043 | |an-cn-qu|an-cn--- |
| 086 | 1 |aNR24-20/1-2022F-PDF |
| 245 | 00|aCode de construction du Québec, chapitre I– bâtiment, et Code national du bâtiment – Canada 2015 (modifié) / |cpublié par le Conseil national de recherches du Canada. |
| 250 | |aQuatrième édition 2022. |
| 264 | 1|aOttawa : |bConseil national de recherches du Canada, |c2022. |
| 264 | 4|c©2022 |
| 300 | |a1 ressource en ligne (1 volume (pagination multiple)) : |billustrations |
| 336 | |atexte|btxt|2rdacontent/fre |
| 337 | |ainformatique|bc|2rdamedia/fre |
| 338 | |aressource en ligne|bcr|2rdacarrier/fre |
| 500 | |aPublié aussi en anglais sous le titre : Quebec Construction Code, chapter I - building, and National Building Code of Canada 2015 (amended). |
| 500 | |a« NRCC-CONST-56594-F. » |
| 500 | |a« Première impression. » |
| 504 | |aComprend des références bibliographiques et un index. |
| 650 | 6|aConstruction|xDroit|zCanada. |
| 650 | 6|aConstruction|xDroit|zQuébec (Province) |
| 650 | 6|aConstructions|xNormes|zQuébec (Province) |
| 710 | 2 |aConseil national de recherches Canada, |eorganisme de publication. |
| 710 | 1 |aCanada. |bRessources naturelles Canada, |eorganisme de publication. |
| 710 | 2 |aRégie du bâtiment du Québec, |eorganisme de publication. |
| 775 | 08|tQuebec Construction Code, chapter I - building, and National Building Code of Canada 2015 (amended) / |w(CaOODSP)9.911576 |
| 776 | 0#|tCode de construction du Québec, Chapitre I : |w(CaOODSP)9.911577 |
| 794 | |tCode de construction du Québec, chapitre I– bâtiment, et Code national du bâtiment – Canada 2020 (modifié) / |w(CaOODSP)9.951214 |
| 856 | 40|qPDF|s18.00 Mo|uhttps://publications.gc.ca/collections/collection_2024/cnrc-nrc/NR24-20-1-2022-fra.pdf |